| 000 | 00381nam a2200157 a 4500 | ||
|---|---|---|---|
| 001 | 151 | ||
| 003 | CDMR | ||
| 005 | 20130628114219.0 | ||
| 008 | 130130s1988||||||||||||||||||||||||||||d | ||
| 040 |
_aCDMR _bcat _cCPC GIRONA |
||
| 100 | 1 |
_aPujol, Jordi _9116 |
|
| 245 | 1 | 0 |
_aAls joves de Catalunya _cPujol, Jordi |
| 260 |
_c1988 _bEdicions 62 |
||
| 490 | 0 |
_aPolÃtiques _v4 |
|
| 942 |
_cMON _2udc |
||
| 999 |
_c151 _d151 |
||